Estadísticas para Todas Las Formas De Países

Haz click aquí para tomar la prueba!

Estadísticas generales

  • Esta prueba ha sido tomada 5.138 veces
  • La puntuación promedio es 87 de 196

Estadísticas de respuestas

Respuesta% Correcto
México
98%
Estados Unidos
97%
España
96%
Canadá
95%
Australia
94%
Italia
94%
Japón
94%
Francia
93%
Noruega
92%
Reino Unido
92%
Chile
90%
China
90%
Grecia
87%
Indonesia
87%
Filipinas
84%
Cuba
83%
India
83%
Islandia
82%
Rusia
81%
Croacia
79%
Portugal
78%
Vietnam
78%
Argentina
76%
Nueva Zelanda
76%
Alemania
75%
Turquía
75%
Chipre
74%
Dinamarca
73%
Tailandia
73%
Brasil
70%
Austria
68%
Somalia
68%
Sudáfrica
67%
Myanmar
65%
Marruecos
64%
Laos
63%
Egipto
62%
Suecia
62%
Ucrania
61%
Israel
60%
Kazajistán
60%
Panamá
60%
Papua Nueva Guinea
60%
Senegal
60%
Malí
59%
Gambia
58%
Malasia
58%
Perú
58%
Madagascar
57%
Pakistán
57%
Venezuela
57%
Haití
56%
Nepal
56%
Suiza
56%
Bangladés
55%
Irlanda
55%
Mozambique
55%
Finlandia
54%
Namibia
54%
República Democrática del Congo
53%
Países Bajos
52%
Benín
51%
Colombia
51%
Irán
51%
Uzbekistán
51%
Eritrea
50%
Mongolia
49%
Taiwán
49%
Angola
48%
Maldivas
48%
Mauritania
48%
Sri Lanka
48%
Zambia
47%
Camerún
46%
Corea del Sur
46%
Emiratos Árabes Unidos
46%
Estonia
46%
Corea del Norte
45%
Kosovo
45%
Moldavia
45%
Afganistán
44%
Chad
44%
Serbia
44%
Sudán
44%
Bosnia y Herzegovina
43%
Ecuador
43%
Etiopía
43%
Mónaco
43%
Argelia
42%
Jamaica
42%
Omán
42%
República Checa
42%
Togo
42%
Libia
41%
Malaui
41%
Azerbaiyán
40%
Bahamas
40%
Costa Rica
40%
Nicaragua
40%
Paraguay
40%
Turkmenistán
40%
Gabón
39%
Malta
39%
Polonia
39%
Túnez
39%
Ciudad del Vaticano
38%
Eslovaquia
38%
Guinea Ecuatorial
38%
Irak
38%
República del Congo
38%
Rumania
38%
Tayikistán
38%
Trinidad y Tobago
38%
Yemen
38%
Albania
37%
Bolivia
37%
Jordania
37%
Arabia Saudita
36%
Kirguistán
36%
Bielorrusia
35%
Costa de Marfil
35%
Letonia
35%
Bélgica
34%
Bulgaria
34%
Guinea
34%
Níger
34%
Burkina Faso
33%
Kuwait
33%
Siria
33%
Timor Oriental
33%
Cabo Verde
32%
Hungría
32%
Singapur
32%
Georgia
31%
Guatemala
31%
Guyana
31%
Ghana
30%
Liberia
30%
Montenegro
30%
República Centroafricana
30%
Brunéi
29%
Armenia
28%
Belice
28%
Eslovenia
28%
Luxemburgo
28%
Sudán del Sur
28%
Guinea-Bissau
27%
Nigeria
27%
San Cristóbal y Nieves
27%
Tanzania
27%
Honduras
26%
Líbano
26%
Liechtenstein
26%
Uruguay
26%
Antigua y Barbuda
25%
Botsuana
25%
Catar
25%
El Salvador
25%
Islas Salomón
25%
Kenia
25%
Lituania
25%
Nauru
25%
Estados Federados de Micronesia
24%
Fiyi
24%
República Dominicana
24%
Burundi
23%
Santo Tomé y Príncipe
23%
Seychelles
23%
Camboya
22%
Comoras
22%
Macedonia del Norte
22%
Yibuti
22%
Zimbabue
22%
Baréin
21%
Uganda
21%
Vanuatu
21%
Islas Marshall
20%
Kiribati
20%
San Marino
20%
Santa Lucía
19%
Sierra Leona
19%
Andorra
18%
Samoa
18%
Tuvalu
18%
Granada
17%
Suazilandia
17%
Barbados
16%
Lesoto
16%
Palaos
16%
Surinam
16%
Tonga
16%
Dominica
15%
Ruanda
15%
San Vicente y las Granadinas
15%
Bután
14%
Mauricio
14%

Distribución de puntuación

Porcentaje por número respondido

Porcentaje de gente con cada puntuación

Historial de tus puntuaciones

No has tomado esta prueba